Normal view
MARC view
Entry Personal Name
001 - CONTROL NUMBER
- control field: 7949
003 - CONTROL NUMBER IDENTIFIER
- control field: OSt
005 - DATE AND TIME OF LATEST TRANSACTION
- control field: 20211028144314.0
008 - FIXED-LENGTH DATA ELEMENTS
- fixed length control field: 211028|| aca||aabn | a|a d
040 ## - CATALOGING SOURCE
- Original cataloging agency: OSt
- Transcribing agency: OSt
100 ## - HEADING--PERSONAL NAME
- Personal name: Stephen, Sonu; D Souza, Rayan.
- Miscellaneous information: 1616197
670 ## - SOURCE DATA FOUND
- Source citation: Work cat.: (OSt): Stephen, Sonu; D Souza, Rayan. 1616197, Project report on consume acceptance of decathlon products at decathlon Thrissur., 2018